Development of MathKiddo : a mobile application about basic Math for 4th, 5th and 6th grade pupil / (Record no. 3464)
[ view plain ]
| 000 -LEADER | |
|---|---|
| fixed length control field | 01477nam a22003377a 4500 |
| 003 - CONTROL NUMBER IDENTIFIER | |
| control field | OSt |
| 005 - DATE AND TIME OF LATEST TRANSACTION | |
| control field | 20240521211137.0 |
| 008 - FIXED-LENGTH DATA ELEMENTS--GENERAL INFORMATION | |
| fixed length control field | 240521b ||||| |||| 00| 0 eng d |
| 040 ## - CATALOGING SOURCE | |
| Language of cataloging | English. |
| Transcribing agency | CvSU-CCAT Campus Library. |
| Description conventions | rda. |
| 050 ## - LIBRARY OF CONGRESS CALL NUMBER | |
| Classification number | UM QA 135.5 |
| Item number | Cr78 2016 |
| 100 ## - MAIN ENTRY--PERSONAL NAME | |
| Personal name | Cruz, Jomari Mark S., author. |
| 9 (RLIN) | 12935 |
| 245 ## - TITLE STATEMENT | |
| Title | Development of MathKiddo : a mobile application about basic Math for 4th, 5th and 6th grade pupil / |
| Statement of responsibility, etc. | Jomari Mark S. Cruz, Camille Joy E. Francisco, and Drenyl R. Pomarejo. |
| 260 ## - PUBLICATION, DISTRIBUTION, ETC. | |
| Place of publication, distribution, etc. | Rosario, Cavite : |
| Name of publisher, distributor, etc. | Cavite State University-CCAT Campus, |
| Date of publication, distribution, etc. | 2016. |
| 300 ## - PHYSICAL DESCRIPTION | |
| Extent | vii, 129 leaves : |
| Other physical details | illustrations ; |
| Dimensions | 28 cm |
| 500 ## - GENERAL NOTE | |
| General note | A Design Project (BSCS) -- Cavite State University-CCAT Campus, 2016. |
| 504 ## - BIBLIOGRAPHY, ETC. NOTE | |
| Bibliography, etc. note | Includes bibliographical references and appendices. |
| 520 ## - SUMMARY, ETC. | |
| Thesis Abstract | <a href="Thesis Abstract: ">Thesis Abstract: </a> |
| 546 ## - LANGUAGE NOTE | |
| Language note | In English text. |
| 650 ## - SUBJECT ADDED ENTRY--TOPICAL TERM | |
| Topical term or geographic name entry element | Mobile application. |
| 9 (RLIN) | 5366 |
| 650 ## - SUBJECT ADDED ENTRY--TOPICAL TERM | |
| Topical term or geographic name entry element | Mobile apps. |
| 9 (RLIN) | 257 |
| 650 ## - SUBJECT ADDED ENTRY--TOPICAL TERM | |
| Topical term or geographic name entry element | Mobile apps -- Development. |
| 9 (RLIN) | 11819 |
| 650 ## - SUBJECT ADDED ENTRY--TOPICAL TERM | |
| Topical term or geographic name entry element | Games in mathematical education. |
| 9 (RLIN) | 12939 |
| 650 ## - SUBJECT ADDED ENTRY--TOPICAL TERM | |
| Topical term or geographic name entry element | Games in mathematics education. |
| 9 (RLIN) | 12940 |
| 650 ## - SUBJECT ADDED ENTRY--TOPICAL TERM | |
| Topical term or geographic name entry element | Mathematical recreations. |
| 9 (RLIN) | 12941 |
| 700 ## - ADDED ENTRY--PERSONAL NAME | |
| Personal name | Francisco, Camille Joy E., author. |
| 9 (RLIN) | 12936 |
| 700 ## - ADDED ENTRY--PERSONAL NAME | |
| Personal name | Pomarejo, Drenyl R., author. |
| 9 (RLIN) | 12937 |
| 700 ## - ADDED ENTRY--PERSONAL NAME | |
| Personal name | Andoy, Rafael Arlem IV M., adviser. |
| 9 (RLIN) | 12938 |
| 700 ## - ADDED ENTRY--PERSONAL NAME | |
| Personal name | Muyot, Allen Jhon C., technical critic. |
| 9 (RLIN) | 9074 |
| 942 ## - ADDED ENTRY ELEMENTS (KOHA) | |
| Source of classification or shelving scheme | Library of Congress Classification |
| Koha item type | Thesis/Manuscripts/Dissertations |
| Classification part | QA 135.5 Cr78 2016 |
| Call number prefix | UM |
| Withdrawn status | Lost status | Source of classification or shelving scheme | Damaged status | Not for loan | Collection code | Home library | Current library | Shelving location | Date acquired | Coded location qualifier | Total Checkouts | Full call number | Barcode | Date last seen | Copy number | Price effective from | Koha item type |
|---|---|---|---|---|---|---|---|---|---|---|---|---|---|---|---|---|---|
| Library of Congress Classification | Thesis/Manuscript/Dissertation | Cavite State University - CCAT Campus | Cavite State University - CCAT Campus | TH | 07/14/2017 | UM | UM QA 135.5 Cr78 2016 | T0003424 | 10/24/2025 | 1 | 05/21/2024 | Thesis/Manuscripts/Dissertations |
